Caricamento...

History of India (v.3): mediaval India from the Mohammedan conquest to the reign of Akbar the great/

Dettagli Bibliografici
Natura: Printed Book
Pubblicazione: New Delhi: Asian Educational Services, 1987.
Soggetti:
LEADER 00559nam a22001331a 4500
082 |a 954  |b WIL/H 
245 |a History of India (v.3):  |b mediaval India from the Mohammedan conquest to the reign of Akbar the great/  |c edited by Williams Jackson A V. 
260 |a New Delhi:  |b Asian Educational Services,  |c 1987. 
300 |a 281p. 
650 |a History India  |9 115048 
650 |a History  |9 115049 
942 |c REF 
999 |c 18193  |d 18193 
952 |0 0  |1 0  |4 0  |6 R_954_000000000000000_WIL_H  |7 0  |9 25656  |a SSUS  |b SSUS  |d 2015-01-08  |g 155.55  |o R 954 WIL/H  |p 010601  |r 2015-01-08  |v 0.00  |w 2015-01-08  |y REF